00900nam a2200253 a 4500008004100000020002200041049000900063090002000072100002300092245005900115260009400174300002500268440002700293500002000320500004100340650001500381907003500396003000100431005001700432040000900449942002700458999001900485952014200504  a0750606088 (pbk.) aMAIN aHF5415.122bWIL1 aWilliams, Keith C.10aBehavioural aspects of marketing /cKeith C. Williams. aOxford :bButterworth-Heinemann on behalf of the Chartered Institute of Marketing,c1981. aix, 235 p. ;c24 cm. 4aThe marketing series.  aIncludes index. aIncludes bibliographical references. 1aMarketing. a.b10087114b13-10-10c29-08-0320230123125042.0 cNUST cBOOKSkHF5415.122mWIL c134875d134875 r2023-01-23 00:00:00l10oHF5415.122 WILp92004013578v80.00w2023-01-23yBOOKS102LCC40708NFIC00aMAINbMAINcGENd2023-01-23g80.00